000 00419cam a2200145 4500500
005 20251012032644.0
041 _afre
042 _adc
100 1 0 _aLévi, Florence
_eauthor
245 0 0 _aÉdito
260 _c2025.
500 _a96
786 0 _nThéâtre/Public | 256 | 2 | 2025-06-11 | p. 3-3 | 0335-2927
856 4 1 _uhttps://shs.cairn.info/revue-theatre-public-2025-2-page-3?lang=fr&redirect-ssocas=7080
999 _c1548012
_d1548012